Ferns of Jamaica : (Record no. 200004)

MARC details
000 -LEADER
fixed length control field 00893nam a2200265 i 4500
003 - CONTROL NUMBER IDENTIFIER
control field OSt
005 - DATE AND TIME OF LATEST TRANSACTION
control field 20250717121826.0
008 - FIXED-LENGTH DATA ELEMENTS--GENERAL INFORMATION
fixed length control field 870917s1985 enkab f b f001 0 eng
020 ## - INTERNATIONAL STANDARD BOOK NUMBER
International Standard Book Number 0565008951
Qualifying information hardback
040 ## - CATALOGING SOURCE
Original cataloging agency PPAK
Language of cataloging eng
Transcribing agency PPAK
Description conventions rda
082 04 - DEWEY DECIMAL CLASSIFICATION NUMBER
Edition number 23
Classification number 587.31097292
090 00 - LOCALLY ASSIGNED LC-TYPE CALL NUMBER (OCLC); LOCAL CALL NUMBER (RLIN)
Classification number (OCLC) (R) ; Classification number, CALL (RLIN) (NR) 587.31097292
Feature heading PRO
Feature heading KK
100 1# - MAIN ENTRY--PERSONAL NAME
Personal name Proctor, George R.,
Relator term author.
245 10 - TITLE STATEMENT
Title Ferns of Jamaica :
Remainder of title A Guide to the Pteridophytes /
Statement of responsibility, etc. George R. Proctor.
264 #1 - PRODUCTION, PUBLICATION, DISTRIBUTION, MANUFACTURE, AND COPYRIGHT NOTICE
Place of production, publication, distribution, manufacture London :
Name of producer, publisher, distributor, manufacturer British Museum (Natural History),
Date of production, publication, distribution, manufacture, or copyright notice 1985
300 ## - PHYSICAL DESCRIPTION
Extent 631 pages :
Other physical details illustrations, maps ;
Dimensions 25 cm
336 ## - CONTENT TYPE
Content type term text
Source rdacontent
337 ## - MEDIA TYPE
Media type term unmediated
Source rdamedia
338 ## - CARRIER TYPE
Carrier type term volume
Source rdacarrier
500 ## - GENERAL NOTE
General note Includes index
650 10 - SUBJECT ADDED ENTRY--TOPICAL TERM
Topical term or geographic name entry element Ferns
Geographic subdivision Jamaica
General subdivision Classification.
Topical term or geographic name entry element Pteridophyta
Geographic subdivision Jamaica
General subdivision Classification
Topical term or geographic name entry element Ferns
Geographic subdivision Jamaica
General subdivision Identification
942 ## - ADDED ENTRY ELEMENTS (KOHA)
Source of classification or shelving scheme Dewey Decimal Classification
Koha item type Book
Holdings
Withdrawn Not for loan Current library Shelving location Date acquired Total Checkouts Full call number Barcode Date last seen Koha item type
  Not For Loan Perpustakaan Alor Setar Koleksi Kedah 27/07/2025   KK 587.31097292 PRO A00368039 27/07/2025 Book